000 00241nam a2200097Ia 4500
001 1015113
005 20250826230854.0
008 250824s9999 xx 000 0 und d
245 0 _aZAMANDA YOLCULUK
_cGÜNEŞ ÇIGAY
260 _bBETA YAYINLARI
999 _c1015113
_d1015113